<?xml version="1.0" encoding="UTF-8"?><?xml-stylesheet type="text/xsl" href="static/style.xsl"?><OAI-PMH xmlns="http://www.openarchives.org/OAI/2.0/" xmlns:xsi="http://www.w3.org/2001/XMLSchema-instance" xsi:schemaLocation="http://www.openarchives.org/OAI/2.0/ http://www.openarchives.org/OAI/2.0/OAI-PMH.xsd"><responseDate>2026-04-13T13:28:28Z</responseDate><request verb="GetRecord" identifier="oai:www.recercat.cat:10459.1/84519" metadataPrefix="marc">https://recercat.cat/oai/request</request><GetRecord><record><header><identifier>oai:recercat.cat:10459.1/84519</identifier><datestamp>2024-12-05T21:30:07Z</datestamp><setSpec>com_2072_3622</setSpec><setSpec>col_2072_479130</setSpec></header><metadata><record xmlns="http://www.loc.gov/MARC21/slim" xmlns:dcterms="http://purl.org/dc/terms/" xmlns:xsi="http://www.w3.org/2001/XMLSchema-instance" xmlns:doc="http://www.lyncode.com/xoai" xsi:schemaLocation="http://www.loc.gov/MARC21/slim http://www.loc.gov/standards/marcxml/schema/MARC21slim.xsd">
   <leader>00925njm 22002777a 4500</leader>
   <datafield ind2=" " ind1=" " tag="042">
      <subfield code="a">dc</subfield>
   </datafield>
   <datafield ind2=" " ind1=" " tag="720">
      <subfield code="a">Schiermeyer, Andreas</subfield>
      <subfield code="e">author</subfield>
   </datafield>
   <datafield ind2=" " ind1=" " tag="720">
      <subfield code="a">Cerda‑Bennasser, Pedro</subfield>
      <subfield code="e">author</subfield>
   </datafield>
   <datafield ind2=" " ind1=" " tag="720">
      <subfield code="a">Schmelter, Thomas</subfield>
      <subfield code="e">author</subfield>
   </datafield>
   <datafield ind2=" " ind1=" " tag="720">
      <subfield code="a">Huang, Xin</subfield>
      <subfield code="e">author</subfield>
   </datafield>
   <datafield ind2=" " ind1=" " tag="720">
      <subfield code="a">Christou, Paul</subfield>
      <subfield code="e">author</subfield>
   </datafield>
   <datafield ind2=" " ind1=" " tag="720">
      <subfield code="a">Schillberg, Stefan</subfield>
      <subfield code="e">author</subfield>
   </datafield>
   <datafield ind2=" " ind1=" " tag="260">
      <subfield code="c">2022-12-11T10:47:33Z</subfield>
   </datafield>
   <datafield ind2=" " ind1=" " tag="260">
      <subfield code="c">2022-12-11T10:47:33Z</subfield>
   </datafield>
   <datafield ind2=" " ind1=" " tag="260">
      <subfield code="c">2022</subfield>
   </datafield>
   <datafield ind2=" " ind1=" " tag="520">
      <subfield code="a">Cas9 nucleases have become the most versatile tool for genome editing projects in a&#xd;
broad range of organisms. The recombinant production of Cas9 nuclease is desirable&#xd;
for in vitro activity assays or the preparation of ribonucleoproteins (RNPs) for DNAfree&#xd;
genome editing approaches. For the rapid production of Cas9,we explored the use&#xd;
of a recently established cell-free lysate from tobacco (Nicotiana tabacum L.) BY-2 cells.&#xd;
Using this system, the 130-kDaCas9 nuclease from Staphylococcus aureus (SaCas9) was&#xd;
produced and subsequently purified via affinity chromatography. The purified apoenzyme&#xd;
was supplemented with 10 different sgRNAs, and the nuclease activity was confirmed&#xd;
by the linearization of plasmid DNA containing cloned DNA target sequences.</subfield>
   </datafield>
   <datafield ind2=" " ind1=" " tag="520">
      <subfield code="a">We are grateful to Dr. Matthias Buntru (Fraunhofer IME) for providing BY-2 cell lysate and valuable advice on in vitro transcription/ translation. Financial support for this research has been provided by the German Federal Ministry of Education and Research (BMBF, grant number 031B0813) and by the Spanish Ministry of Economy and Competitiveness (MINECO), Spain (RTI2018-097613-BI00; PGC2018-097655-B-I00); PROSTRIG, ERA-NET Cofund SusCrop (Grant No 771134). AS, PC, and SS conceived the study. AS, PCB, XH, and TS conducted experiments and collected data. AS wrote the manuscript. All authors interpreted the data and proofread and approved the manuscript.</subfield>
   </datafield>
   <datafield ind1="8" ind2=" " tag="024">
      <subfield code="a">http://hdl.handle.net/10459.1/84519</subfield>
   </datafield>
   <datafield tag="653" ind2=" " ind1=" ">
      <subfield code="a">Activity assay</subfield>
   </datafield>
   <datafield tag="653" ind2=" " ind1=" ">
      <subfield code="a">BY-2 lysate</subfield>
   </datafield>
   <datafield tag="653" ind2=" " ind1=" ">
      <subfield code="a">Cell-free protein synthesis</subfield>
   </datafield>
   <datafield tag="653" ind2=" " ind1=" ">
      <subfield code="a">CRISPR-Cas</subfield>
   </datafield>
   <datafield tag="653" ind2=" " ind1=" ">
      <subfield code="a">In vitro transcription/ translation</subfield>
   </datafield>
   <datafield ind2="0" ind1="0" tag="245">
      <subfield code="a">Rapid production of SaCas9 in plant-based cell-free lysate for activity testing</subfield>
   </datafield>
</record></metadata></record></GetRecord></OAI-PMH>